Scottish Political Parties with councillors - Statistics

General Stats
  • This quiz has been taken 46 times
  • The average score is 6 of 9
Answer Stats
Hint Answer % Correct
214 seats in 29 councils Conservative Party
100%
282 seats in 28 councils Labour Party
100%
87 seats in 15 councils Liberal Democrat Party
100%
453 seats in 31 councils Scottish National Party
100%
35 seats in 13 councils Green Party
97%
152 seats in 24 councils Independents
67%
1 seat in North Lanarkshire British Unionist Party
19%
1 seat in East Ayrshire Rubbish Party
17%
1 seat in West Dunbartonshire West Dunbartonshire Community Party
8%
No matching quizzes found
Score Distribution
Percent of People with Each Score
Percentile by Number Answered
Your Score History
You have not taken this quiz